000 02656nab a2200313 i 4500
003 BR-BrBNA
005 20240216102213.0
008 240216b2003 bl.fr|p|oa||| 00| 0 por |
040 _aBR-BrBNA
_bpor
072 _aH20
072 _aH50
100 _aCarvalho, L.M.
100 _aCasali, V. W. D.
100 _aCecon, P. R.
100 _aSouza , M. A.
100 _aLisboa, S. P.
245 _aEfeito de potências decimais da homeopatia de Arnica montana sobre plantas de artemísia
500 _aPublicação on-line; 13 ref.; 3 tables; 1 illus.; Summaries (En, Pt)
520 _a RESUMO: Plantas de Tanacetum parthenium, crescidas em vasos de 10 L, receberam, um mês após o transplante em vasos, preparados homeopáticos de Arnica montana, escala decimal (D1, D2, D3, D4 e D5). As aplicações, semanais, foram feitas sempre no mesmo horário, vertendo-se o preparado no solo ao redor da pianta, após ser diluído em água deionizada. A altura das plantas foi determinada a cada 15 dias. A massa fresca da parte aérea e o teor de partenolídeo foram determinados no final do experimento. Verificou-se aumento na altura e na massa fresca, assim como redução no teor de partenolídeo, devido às aplicações dos preparados homeopáticos. Palavras-chave: Tanaceto, Arnica montana (homeopatia), Atemisia, Plantas medicinais
520 _a ABSTRACT: Effect of decimal potencies of homeopathy Arnica montana on plants of feverfew. Tanacetum parthenium (L.) Schultz-Bip plants were grown in pots of 10 L, a month after the transplant to pots, homeopathics solutions of Arnica montana (D1, D2, D3, D4 and D5) were applicated. The weekly applications were done in the same schedule, in the soil, after dilutions in deionized water. The plant height was determined each 15 days. The fresh mass of the aerial part and the parthenolide content were evaluated at the end of the experiment. Increase was verified in the height and in the fresh mass, as well as reduction in the parthenolide content, due to applications of the homeopathic solutions. Key words: Feverfew, plants medicinal, Arnica montana (homeopathy), artemisia
650 _aARNICA
650 _aPLANTA MEDICINAL
650 _aHOMEOPATIA
650 _aARTEMÍSIA
773 0 _03543
_913660
_dBotucatu-SP Instituto de Biociências - Departamento de Química e Bioquímica 1998
_o2023-29685
_tRevista Brasileira de Plantas Medicinais (Brazil)
_x1516-0572
_gv. 6(1) p. 46-50; (2003)
_wBR2024000028
856 _uhttps://www.sbpmed.org.br/admin/files/papers/file_f5kic5NZSfXT.pdf
942 _cAnalítica
999 _c298521
_d298521